<?xml version="1.0" encoding="UTF-8"?>
<collection xmlns="http://www.loc.gov/MARC21/slim">
  <record>
    <leader>00000nam  2200000   4500</leader>
    <controlfield tag="001">INLIS000000000000861</controlfield>
    <controlfield tag="005">20180724140446</controlfield>
    <controlfield tag="008">180724|||||||||   |   |||   |||| ||   | </controlfield>
    <datafield tag="035" ind1=" " ind2=" ">
      <subfield code="0">010-0718000861</subfield>
    </datafield>
    <datafield tag="041" ind1=" " ind2=" ">
      <subfield code="a">id</subfield>
    </datafield>
    <datafield tag="082" ind1=" " ind2=" ">
      <subfield code="a">013</subfield>
    </datafield>
    <datafield tag="090" ind1=" " ind2=" ">
      <subfield code="a">R 013 PIM I 2014</subfield>
    </datafield>
    <datafield tag="100" ind1=" " ind2=" ">
      <subfield code="a">Pramujoko</subfield>
    </datafield>
    <datafield tag="245" ind1=" " ind2=" ">
      <subfield code="a">Pemanfaatan Sistem Aplikasi Kesrimpol Pada Seleksi Kesehatan Fisik Calon Anggota Polri Polda Jabar Guna Meningkatkan Kapasitas dan Transparansi</subfield>
    </datafield>
    <datafield tag="260" ind1=" " ind2=" ">
      <subfield code="a">Jakarta</subfield>
      <subfield code="b">LAN Jakarta</subfield>
      <subfield code="c">2014</subfield>
    </datafield>
    <datafield tag="300" ind1=" " ind2=" ">
      <subfield code="a">20 hlm, lamp.</subfield>
    </datafield>
    <datafield tag="500" ind1=" " ind2=" ">
      <subfield code="a">Dari tahun ketahun, minat masyarakat untuk bergabung menjadi anggota Kepolisian Republik Indonesia, baik yang melalui jalur penerimaan taruna AKPOL, Sekolah Polri Sumber Sarjana, Sekolah Brigadir Polri maupun Sekolah Tamtama Polri semakin meningkat. Untuk itu kami mengangkat permasalahan seleksi kesehatan fisik calon anggota Polri di Polda Jabar sebagai Proyek Perubahan dengan tujuan untuk meningkatkan kapasitas seleksi, meningkatkan transparansi dan meningkatkan pelayanan terhadap peserta seleksi penerimaan angota Polri Polda Jabar.</subfield>
    </datafield>
    <datafield tag="650" ind1=" " ind2=" ">
      <subfield code="a">Kesehatan</subfield>
    </datafield>
  </record>
</collection>
